Foot: Les plus grosses défaites de l'équipe de France - Statistiques

Statistiques générales
  • Ce quiz a été pris 155 fois
  • Le résultat moyen est 34 sur 39
Statistiques - réponses
date Compétition équipe Score % Correct
21 mars 1937 Amical Allemagne 4-0
96%
26 mai 1927 Amical Angleterre 0-6
96%
17 mai 1928 Amical Angleterre 1-5
96%
27 novembre 1957 Amical Angleterre 4-0
96%
12 mars 1969 Amical Angleterre 5-0
96%
1er novembre 1906 Amical Angleterre 0-15
96%
23 mars 1908 Amical Angleterre 12-0
96%
22 mai 1909 Amical Angleterre 0-11
96%
16 avril 1910 Amical Angleterre 10-1
96%
5 avril 1920 Amical Angleterre 0-5
96%
30 avril 1922 Amical Espagne 0-4
96%
14 avril 1929 Amical Espagne 8-1
96%
15 mars 1942 Amical Espagne 4-0
96%
19 juin 1949 Amical Espagne 1-5
96%
7 mai 1905 Amical Belgique 7-0
92%
22 avril 1906 Amical Belgique 0-5
92%
3 avril 1910 Amical Belgique 0-4
92%
30 avril 1911 Amical Belgique 7-1
92%
13 avril 1930 Amical Belgique 1-6
92%
15 mai 1910 Amical Italie 6-2
91%
18 janvier 1920 Amical Italie 9-4
91%
22 mars 1925 Amical Italie 7-0
91%
25 janvier 1931 Amical Italie 5-0
91%
16 mars 1927 Amical Portugal 4-0
88%
12 octobre 1960 Amical Suisse 6-2
84%
31 mai 1914 Amical Hongrie 5-1
81%
12 juin 1927 Amical Hongrie 13-1
81%
13 novembre 1921 Amical Pays-Bas 0-5
81%
2 avril 1923 Amical Pays-Bas 8-1
81%
12 janvier 1936 Amical Pays-Bas 1-6
81%
27 septembre 1967 Amical RFA 5-1
81%
24 avril 1968 qualif Euro 68 Yougoslavie 5-1
76%
19 octobre 1908 JO Danemark 9-0
73%
22 octobre 1908 JO Danemark 17-1
73%
19 avril 1925 Amical Autriche 0-4
69%
12 février 1933 Amical Autriche 0-4
69%
31 août 1982 Amical Pologne 0-4
69%
1er juin 1924 JO Uruguay 1-5
66%
10 juin 1933 Amical Tchécoslovaquie 4-0
63%
Aucun quiz correspondant
Distribution des résultats
% des personnes avec chaque résultat
Percentile par nombre de réponses
Votre historique - résultats
Vous n’avez pas pris ce quiz